000 00774nam a22001817a 4500
003 UA-OsUOA
001 18291
007 ta
008 20040427b un ||||| |||| 00| 0 ukr d
100 _aІсаєва Т.
942 _cSA
040 _aUA-OsUOA
_cUA-OsUOA
_dUA-OsUOA
245 _aРівненські породіллі під наглядом Швейцарського тропічного інституту
_b[Пілотний проект у рамках міждерж. угоди між Україною та Швейцаріїю про мед. співпрацю в Рівнен. обл.]
300 _aС.2
955 _a0
773 0 _w0
_tВісті Рівненщини
_dРівне
_d2004
_g№37/21 квіт./
650 7 _aКраєзнавча робота
_2UDC
999 _c304462
_d304462